| 000 | 00520nam a22001697a 4500 | ||
|---|---|---|---|
| 003 | MACL | ||
| 005 | 20160529122004.0 | ||
| 008 | 160529b xxu||||| |||| 00| 0 eng d | ||
| 040 | _cMACL | ||
| 041 | _aHindi | ||
| 082 | _a891.433 RAD | ||
| 100 |
_aरेडडी, बालशौरि _943972 |
||
| 245 |
_aलकुमा _cबालशौरि रेडडी |
||
| 260 |
_aइलाहाबाद _bसाहित्य भवन _c2009 |
||
| 650 |
_aउपन्यास _960777 |
||
| 942 |
_2ddc _cHIN |
||
| 999 |
_c54153 _d54153 |
||